Municípios da Região Geográfica Imediata de Sousa - Statistics

Estatísticas Gerais
  • Esse quiz foi jogado 17 vezes
  • A pontuação média é 5 de 13
Respostas no mapa
Respostas codificadas por cores de uma escala verde-vermelha no mapa do quiz de acordo com a % correta abaixo.
 
Estatísticas das Respostas
Município % Correto
Sousa
100%
Marizópolis
60%
Aparecida
50%
Nazarezinho
40%
Uiraúna
40%
Vieirópolis
40%
Lastro
30%
Poço Dantas
30%
São Francisco
30%
Bernardino Batista
20%
Joca Claudino
20%
Santa Cruz
20%
São José da Lagoa Tapada
20%
Nenhum quiz correspondente encontrado
Distribuição das Pontuações
Porcentagem de Pessoas com Cada Pontuação
Percentil de Números Respondidos
Sua Pontuação Histórica
Você não jogou esse quiz